Normal view
MARC view
- Rafique Ahmad Akhtar
Entry Personal Name
001 - CONTROL NUMBER
- control field: 9716
003 - CONTROL NUMBER IDENTIFIER
- control field: NUST
005 - DATE AND TIME OF LATEST TRANSACTION
- control field: 20180124143158.0
008 - FIXED-LENGTH DATA ELEMENTS
- fixed length control field: 180124|| aca||aabn | a|a d
040 ## - CATALOGING SOURCE
- Original cataloging agency: NUST
- Transcribing agency: NUST
100 ## - HEADING--PERSONAL NAME
- Personal name: Rafique Ahmad Akhtar
670 ## - SOURCE DATA FOUND
- Source citation: Work cat.: (NUST)322940: Rafique Ahmad Akhtar, Ahsan e Taqweem, 2010
